Statistics for Montenegro First Level Subdivisions

Click here to take the quiz!

General Stats

  • This quiz has been taken 142 times
    (139 since last reset)
  • The average score is 17 of 24

Answer Stats

Opštine% Correct
Podgorica
98%
Nikšić
85%
Kotor
83%
Cetinje
81%
Herceg Novi
81%
Bar
79%
Budva
79%
Ulcinj
79%
Tivat
77%
Danilovgrad
74%
Andrijevica
70%
Berane
70%
Kolašin
70%
Pljevlja
70%
Bijelo Polje
68%
Plav
66%
Plužine
66%
Žabljak
66%
Gusinje
64%
Mojkovac
64%
Šavnik
64%
Tuzi
64%
Rožaje
62%
Petnjica
49%

Score Distribution

Percentile by Number Answered

Percent of People with Each Score

Your Score History

You have not taken this quiz since the last reset